[Event "VI Weekend B"]
[Site "Porto Sant'Elpidio ITA"]
[Date "2003.11.16"]
[Round "3"]
[White "Padovani, Alessio"]
[Black "Di Biagio, Angelo"]
[Result "1-0"]
[WhiteElo "1722"]
[BlackElo "1648"]
[PlyCount "113"]
[EventDate "2003.11.15"]

1. c4 d6 2. g3 Nf6 3. Bg2 g6 4. Nf3 Bg7 5. d3 c6 6. Bg5 Nbd7 7. Qd2 h5 8. Nc3
Nc5 9. b4 Ne6 10. Rb1 Nxg5 11. Nxg5 Ng4 12. Nf3 Qb6 13. e3 Bh6 14. d4 Bd7 15.
c5 Qc7 16. h3 Nf6 17. Qb2 O-O 18. Qe2 b5 19. Rc1 d5 20. Ne5 a5 21. bxa5 Rxa5
22. g4 b4 23. Nb1 Rfa8 24. Rc2 Qa7 25. gxh5 g5 26. h4 Rxa2 27. Rxa2 Qxa2 28.
Qd3 Be8 29. hxg5 b3 30. gxh6 Qc2 31. O-O Ne4 32. Bxe4 dxe4 33. Qxc2 bxc2 34.
Nc3 Rb8 35. Rc1 f5 36. Ng6 Rb2 37. Kf1 e6 38. Ke1 Kh7 39. Kd2 Kxh6 40. Nf4 Bxh5
41. Nxh5 Kxh5 42. Rxc2 Rxc2+ 43. Kxc2 Kg4 44. Kd2 Kf3 45. Ke1 f4 46. exf4 e3
47. fxe3 Kxe3 48. Ne2 Kd3 49. d5 exd5 50. f5 Kc4 51. f6 Kxc5 52. f7 Kc4 53.
f8=Q c5 54. Kd2 Kb4 55. Kc2 d4 56. Nxd4 Ka4 57. Qa8+ 1-0

[Event "VI Weekend B"]
[Site "Porto Sant'Elpidio ITA"]
[Date "2003.11.16"]
[Round "3"]
[White "Rastelli, Davide"]
[Black "Baldelli, Alex"]
[Result "1/2-1/2"]
[WhiteElo "1797"]
[BlackElo "1552"]
[PlyCount "62"]
[EventDate "2003.11.15"]

1. d4 d5 2. c4 e6 3. Nc3 Nf6 4. Bg5 Be7 5. e3 c6 6. Qc2 Nbd7 7. Nf3 O-O 8.
O-O-O dxc4 9. Bxc4 Nb6 10. Bd3 h6 11. h4 Nfd5 12. Bxe7 Qxe7 13. a3 Bd7 14. Ne4
Rfc8 15. Kb1 Rab8 16. g4 Na8 17. h5 f6 18. Nfd2 b5 19. Nc5 a5 20. e4 Nf4 21. b3
Be8 22. Nf3 Nb6 23. Qc1 Nxd3 24. Rxd3 a4 25. b4 Rd8 26. e5 Nc4 27. Qf4 fxe5 28.
Nxe5 Nb6 29. Qe4 Nd5 30. f4 Rd6 31. Qg2 Nxf4 1/2-1/2

[Event "VI Weekend B"]
[Site "Porto Sant'Elpidio ITA"]
[Date "2003.11.16"]
[Round "3"]
[White "Trancanelli, Claudio"]
[Black "Cerusico, Carlo"]
[Result "1-0"]
[WhiteElo "1614"]
[BlackElo "1429"]
[PlyCount "55"]
[EventDate "2003.11.15"]

1. e4 e6 2. d4 d5 3. Nc3 dxe4 4. Nxe4 Nd7 5. Nf3 Ngf6 6. Bg5 Be7 7. Nxf6+ Nxf6
8. Bd3 a6 9. c3 Bd7 10. O-O Bc6 11. Ne5 Be4 12. Bxf6 Bxd3 13. Bxe7 Qxe7 14.
Nxd3 O-O-O 15. Re1 g5 16. Qb3 Rd6 17. Nc5 Rb6 18. Qc2 h5 19. b4 g4 20. d5 Rh6
21. dxe6 fxe6 22. Re5 Rd6 23. Qe4 c6 24. Re1 Kb8 25. Qe3 Rg6 26. Nxe6 Qf7 27.
Nf4 Rgf6 28. Re8+ 1-0

[Event "VI Weekend B"]
[Site "Porto Sant'Elpidio ITA"]
[Date "2003.11.22"]
[Round "4"]
[White "Baldelli, Alex"]
[Black "Trancanelli, Claudio"]
[Result "0-1"]
[WhiteElo "1552"]
[BlackElo "1614"]
[PlyCount "32"]
[EventDate "2003.11.15"]

1. d4 Nf6 2. c4 c5 3. d5 b5 4. Nc3 b4 5. Nb1 g6 6. Qc2 Bg7 7. e4 d6 8. Bd3 O-O
9. Ne2 Nbd7 10. f4 e6 11. O-O exd5 12. exd5 Nb6 13. f5 Ng4 14. Ng3 Qh4 15. h3
Bd4+ 16. Kh1 Qxg3 0-1

[Event "VI Weekend B"]
[Site "Porto Sant'Elpidio ITA"]
[Date "2003.11.22"]
[Round "4"]
[White "Di Biagio, Angelo"]
[Black "Iori, Massimiliano"]
[Result "0-1"]
[WhiteElo "1648"]
[BlackElo "1641"]
[PlyCount "158"]
[EventDate "2003.11.15"]

1. e4 e5 2. Nf3 Nf6 3. d3 Nc6 4. Be2 Be7 5. Nc3 d5 6. exd5 Nxd5 7. Bd2 O-O 8.
Nxd5 Qxd5 9. Bc3 Nd4 10. h3 Re8 11. O-O Nxe2+ 12. Qxe2 Bd6 13. Rfe1 Bd7 14. Qe4
Qxe4 15. dxe4 f6 16. Rad1 Be6 17. Rd2 a5 18. a4 b5 19. axb5 Reb8 20. Red1 Rxb5
21. Ne1 Bb4 22. Bxb4 Rxb4 23. Nd3 Rc4 24. b3 Rc3 25. Nb2 Kf7 26. Na4 Rc6 27. f3
Ke7 28. Kf2 Rb8 29. Ke3 f5 30. g4 fxe4 31. Kxe4 Kf6 32. h4 Rb4+ 33. Ke3 h5 34.
g5+ Ke7 35. Rh2 g6 36. Rd3 Rd6 37. Rc3 Kd8 38. Rc5 Rd5 39. Rxd5+ Bxd5 40. Nc5
Rb5 41. Ne4 Bxe4 42. Kxe4 Ke7 43. f4 exf4 44. Kxf4 Rb4+ 45. Ke5 Rb5+ 46. Kd4
Kd6 47. Rh3 c5+ 48. Ke4 Rb4+ 49. c4 a4 50. bxa4 Rxc4+ 51. Kd3 Rxa4 52. Kc2 Rg4
53. Rf3 Rxh4 54. Rf6+ Ke5 55. Rxg6 Rg4 56. Rg8 Kf5 57. Rc8 c4 58. Rc5+ Kg6 59.
Kd2 h4 60. Kc3 h3 61. Rc8 Kxg5 62. Rh8 Rh4 63. Rg8+ Kf5 64. Rf8+ Ke6 65. Re8+
Kd7 66. Re1 h2 67. Rh1 Kc6 68. Kb4 Kd5 69. Kc3 Kc5 70. Kc2 Rh3 71. Kb2 Kb4 72.
Kc2 c3 73. Rb1+ Kc4 74. Rh1 Kd4 75. Rd1+ Ke4 76. Rh1 Kf4 77. Kd1 Kg3 78. Ke2
Kg2 79. Rf1 Re3+ 0-1

[Event "VI Weekend B"]
[Site "Porto Sant'Elpidio ITA"]
[Date "2003.11.22"]
[Round "4"]
[White "Di Blasio, Walter"]
[Black "Carletti, Adriano"]
[Result "1/2-1/2"]
[WhiteElo "1447"]
[BlackElo "1500"]
[PlyCount "99"]
[EventDate "2003.11.15"]

1. d4 Nf6 2. Nf3 d5 3. Bf4 c6 4. h3 Bf5 5. e3 h6 6. Bd3 Bxd3 7. Qxd3 Qb6 8. b3
Ne4 9. O-O Nd7 10. Nbd2 Nxd2 11. Nxd2 e6 12. c4 Be7 13. c5 Qd8 14. b4 a6 15. a4
O-O 16. Rfc1 Bf6 17. Bd6 Re8 18. f4 Be7 19. e4 Bxd6 20. cxd6 dxe4 21. Nxe4 Nf6
22. Nxf6+ Qxf6 23. Qe4 Qd8 24. Qe5 f6 25. Qc5 Qd7 26. b5 axb5 27. axb5 Rxa1 28.
Rxa1 Rd8 29. bxc6 bxc6 30. Ra6 Qxd6 31. Rxc6 Qxd4+ 32. Qxd4 Rxd4 33. g3 Re4 34.
Kf2 f5 35. Kf3 Kf7 36. h4 Rb4 37. Rc7+ Kf6 38. Rc8 Rb3+ 39. Kf2 g5 40. hxg5+
hxg5 41. Rf8+ Ke7 42. Rg8 gxf4 43. gxf4 Rb4 44. Kf3 Re4 45. Rg5 Kd6 46. Rg8 e5
47. fxe5+ Kxe5 48. Re8+ Kd5 49. Rf8 Ke5 50. Re8+ 1/2-1/2

[Event "VI Weekend B"]
[Site "Porto Sant'Elpidio ITA"]
[Date "2003.11.22"]
[Round "4"]
[White "Giobbi, Costantino"]
[Black "Baleani, Emanuele"]
[Result "1-0"]
[WhiteElo "1782"]
[BlackElo "1551"]
[PlyCount "87"]
[EventDate "2003.11.15"]

1. d4 Nf6 2. Bg5 Ne4 3. Bf4 e6 4. e3 d5 5. Bd3 Nf6 6. Nd2 c5 7. c3 c4 8. Bc2
Be7 9. h3 Bd7 10. Ngf3 b5 11. Ne5 Bc8 12. g4 Bb7 13. g5 Nfd7 14. Qh5 Nxe5 15.
Bxe5 g6 16. Qg4 Rg8 17. h4 Nc6 18. Nf3 Bc8 19. Qf4 Rf8 20. Bg7 Rg8 21. Bf6 Bxf6
22. gxf6 Nb8 23. e4 Bb7 24. e5 Nd7 25. h5 Nf8 26. Ng5 h6 27. Nxf7 Kxf7 28. Qxh6
Ke8 29. hxg6 Nxg6 30. Bxg6+ Kd7 31. Qh7+ Kc6 32. Qf7 Qd7 33. Ke2 Raf8 34. Qxd7+
Kxd7 35. Rag1 Kc6 36. Bc2 Rxg1 37. Rxg1 a5 38. Rg7 a4 39. a3 Bc8 40. Bg6 Ba6
41. Re7 Bc8 42. Re8 Rxe8 43. Bxe8+ Bd7 44. f7 1-0

[Event "VI Weekend B"]
[Site "Porto Sant'Elpidio ITA"]
[Date "2003.11.22"]
[Round "4"]
[White "Morici, Marco"]
[Black "Basso, Fabrizio"]
[Result "0-1"]
[WhiteElo "1606"]
[BlackElo "1579"]
[PlyCount "86"]
[EventDate "2003.11.15"]

1. c4 e5 2. Nc3 Nf6 3. g3 Nc6 4. Bg2 Bb4 5. Nd5 Nxd5 6. cxd5 Ne7 7. e3 d6 8. a3
Bc5 9. b4 Bb6 10. Ne2 O-O 11. Nc3 Bd7 12. O-O f5 13. d3 Qe8 14. a4 a6 15. Bb2
Qf7 16. Qe2 Rae8 17. Bf3 f4 18. Kg2 Nf5 19. Nd1 Qg6 20. Kh1 Qh6 21. Rg1 fxe3
22. fxe3 Bxe3 23. Nxe3 Qxe3 24. Qxe3 Nxe3 25. Be4 Rf2 26. Bc1 Ng4 27. Rg2 Rf1+
28. Rg1 Nf2+ 29. Kg2 Bh3+ 30. Kf3 Rf8+ 31. Bf4 Rxg1 32. Rxg1 Nxe4 33. dxe4 Bd7
34. Rc1 c6 35. b5 c5 36. bxa6 bxa6 37. a5 g5 38. Ke3 exf4+ 39. gxf4 Rxf4 40. e5
dxe5 41. Rxc5 Rd4 42. d6 Rxd6 43. Rxe5 Re6 0-1

[Event "VI Weekend B"]
[Site "Porto Sant'Elpidio ITA"]
[Date "2003.11.22"]
[Round "4"]
[White "Olivieri, Gianni"]
[Black "Marinucci, Johnny"]
[Result "1/2-1/2"]
[WhiteElo "1600"]
[BlackElo "1588"]
[PlyCount "94"]
[EventDate "2003.11.15"]

1. e4 Nf6 2. d3 d5 3. e5 Nfd7 4. d4 e6 5. Nf3 c5 6. c3 Be7 7. Be2 a6 8. a4 Nc6
9. O-O O-O 10. Na3 f6 11. exf6 Nxf6 12. dxc5 Bxc5 13. b4 Ba7 14. Nc2 Qc7 15.
Ncd4 Nxd4 16. cxd4 Ng4 17. h3 Rxf3 18. hxg4 Rf8 19. Qd3 Bd7 20. g5 Be8 21. g3
Bg6 22. Qd1 Qc3 23. Ba3 Qxd4 24. Qxd4 Bxd4 25. Rac1 Rac8 26. Rxc8 Rxc8 27. Rc1
Rc2 28. Rxc2 Bxc2 29. b5 a5 30. Bg4 Kf7 31. Kg2 Bxa4 32. Be2 b6 33. f4 g6 34.
g4 Bc2 35. Bd6 Ke8 36. Ba3 Be4+ 37. Kg3 Kd7 38. Bc1 Bc5 39. Bf3 Bd3 40. f5 exf5
41. gxf5 Bxf5 42. Bxd5 a4 43. Bg8 a3 44. Bd2 Bd4 45. Bb4 Bb2 46. Kf4 Be6 47.
Bxh7 a2 1/2-1/2

[Event "VI Weekend B"]
[Site "Porto Sant'Elpidio ITA"]
[Date "2003.11.22"]
[Round "4"]
[White "Perogio, Lorenzo"]
[Black "Padovani, Alessio"]
[Result "1/2-1/2"]
[WhiteElo "1666"]
[BlackElo "1722"]
[PlyCount "119"]
[EventDate "2003.11.15"]

1. e4 c5 2. Nf3 Nc6 3. d4 cxd4 4. Nxd4 Nf6 5. Nc3 g6 6. Be3 Bg7 7. Nb3 O-O 8.
g3 d6 9. Qd2 a6 10. O-O-O b5 11. Nd5 Nxd5 12. exd5 Ne5 13. Bh6 Bd7 14. Bxg7
Kxg7 15. f4 Ng4 16. h3 Nf6 17. g4 Rc8 18. Be2 Qb6 19. Bf3 Rc7 20. Kb1 Rfc8 21.
Rc1 Rc4 22. Rhe1 Ng8 23. h4 b4 24. h5 gxh5 25. gxh5 Bf5 26. Qg2+ Kf8 27. Be4
Bxe4 28. Rxe4 Rxe4 29. Qxe4 Nf6 30. Qf5 Rc4 31. h6 Qe3 32. Qg5 Qxf4 33. Qg7+
Ke8 34. Na5 Rc8 35. Nc6 Qe4 36. Rf1 Qxd5 37. Nxe7 Qc4 38. Qh8+ Kxe7 39. Qxf6+
Kd7 40. Qxf7+ Qxf7 41. Rxf7+ Ke6 42. Rxh7 Rg8 43. Rg7 Rxg7 44. hxg7 Kf7 45. c3
bxc3 46. bxc3 Kxg7 47. Kc2 Kf6 48. Kd3 Ke5 49. Kc4 Ke4 50. Kb4 Kd3 51. c4 a5+
52. Kb5 Kc3 53. c5 dxc5 54. Kxc5 a4 55. a3 Kb3 56. Kd4 Kxa3 57. Kc3 Ka2 58. Kc2
Ka1 59. Kc1 Ka2 60. Kc2 1/2-1/2

[Event "VI Weekend B"]
[Site "Porto Sant'Elpidio ITA"]
[Date "2003.11.22"]
[Round "4"]
[White "Piantieri, Guido"]
[Black "Biagetti, Valerio"]
[Result "1-0"]
[WhiteElo "1509"]
[BlackElo "1668"]
[PlyCount "89"]
[EventDate "2003.11.15"]

1. e4 e5 2. Bc4 Nf6 3. d3 c6 4. Nf3 d5 5. exd5 cxd5 6. Bb5+ Bd7 7. Bxd7+ Nbxd7
8. O-O Bd6 9. Nc3 O-O 10. Bg5 Qb6 11. Qd2 Rac8 12. Rab1 Rfe8 13. Rfe1 a6 14.
Bh4 Qc7 15. h3 d4 16. Ne4 Nxe4 17. Rxe4 Qxc2 18. Qxc2 Rxc2 19. Nxd4 Rd2 20. Nf5
Rxd3 21. Nxd6 Rxd6 22. Rc1 Nb6 23. Rc7 Rd7 24. Rc5 f6 25. f3 Rd2 26. Rb4 Rd6
27. Rb3 Na4 28. Rc7 b6 29. Bf2 Red8 30. Rb4 b5 31. b3 Nb2 32. Rg4 g5 33. h4 h6
34. hxg5 hxg5 35. Bc5 Rd1+ 36. Kh2 Nd3 37. Be7 Nf2 38. Rb4 R8d2 39. Bxf6 Rxa2
40. Bxg5 Rh1+ 41. Kg3 Nd3 42. Rg4 Kf8 43. Be3 a5 44. Rg6 a4 45. Rb6 1-0

[Event "VI Weekend B"]
[Site "Porto Sant'Elpidio ITA"]
[Date "2003.11.22"]
[Round "4"]
[White "Ragnini, Damiano"]
[Black "Rastelli, Davide"]
[Result "0-1"]
[WhiteElo "1483"]
[BlackElo "1797"]
[PlyCount "52"]
[EventDate "2003.11.15"]

1. e4 e6 2. d4 d5 3. e5 c5 4. c3 Nc6 5. Nf3 Qb6 6. Bd3 Bd7 7. O-O cxd4 8. cxd4
Nxd4 9. Nxd4 Qxd4 10. Nc3 a6 11. Re1 Ne7 12. g4 Nc6 13. Be3 Qxe5 14. f4 Qd6 15.
Bf2 g6 16. f5 Bg7 17. fxe6 Bxe6 18. Rc1 O-O 19. Na4 Qf4 20. Nc5 Bxg4 21. Be2
Bxe2 22. Rxe2 Nd4 23. Re7 Qg5+ 24. Kh1 Qxe7 25. Bxd4 Bxd4 26. Qxd4 Rac8 0-1

[Event "VI Weekend B"]
[Site "Porto Sant'Elpidio ITA"]
[Date "2003.11.22"]
[Round "4"]
[White "Voicu, Joan Paul"]
[Black "Bonoli, Luciano"]
[Result "1-0"]
[WhiteElo "1677"]
[BlackElo "1657"]
[PlyCount "85"]
[EventDate "2003.11.15"]

1. e4 d6 2. d4 Nf6 3. Nc3 c6 4. f4 g6 5. Nf3 Bg4 6. Be2 Bg7 7. O-O Qc7 8. Be3
O-O 9. h3 Bxf3 10. Bxf3 e5 11. Qd2 Nbd7 12. Rad1 a6 13. dxe5 dxe5 14. Be2 Rad8
15. Bd3 b5 16. f5 Nb6 17. Qf2 Nbd7 18. g4 h6 19. Qh4 g5 20. Qg3 Nh7 21. Kg2 f6
22. Qf2 Rfe8 23. Rd2 Bf8 24. a3 b4 25. Bc4+ Kg7 26. axb4 Bxb4 27. Bxa6 Bxc3 28.
bxc3 Qa5 29. Rfd1 Nhf8 30. Bc4 Qxc3 31. Be6 Re7 32. Rd3 Qb4 33. Kf3 Qb7 34. Qd2
Rde8 35. Bxd7 Nxd7 36. Rxd7 Qc8 37. Rd6 h5 38. Bxg5 hxg4+ 39. hxg4 fxg5 40.
Qxg5+ Kf8 41. Qh6+ Rg7 42. Rf6+ Kg8 43. Rh1 1-0

[Event "VI Weekend B"]
[Site "Porto Sant'Elpidio ITA"]
[Date "2003.11.23"]
[Round "5"]
[White "Basso, Fabrizio"]
[Black "Piantieri, Guido"]
[Result "1-0"]
[WhiteElo "1579"]
[BlackElo "1509"]
[PlyCount "75"]
[EventDate "2003.11.15"]

1. c4 c6 2. g3 d5 3. b3 e5 4. Bb2 Bd6 5. Bg2 Nf6 6. Nc3 d4 7. Ne4 Nxe4 8. Bxe4
f5 9. Bg2 O-O 10. Nf3 Nd7 11. d3 Bb4+ 12. Nd2 Qa5 13. a3 Be7 14. O-O Nf6 15.
Qc2 Bd7 16. b4 Qc7 17. e3 dxe3 18. fxe3 Ng4 19. Rfe1 a5 20. h3 Nh6 21. c5 Bg5
22. Nc4 Nf7 23. Nb6 Rad8 24. e4 fxe4 25. dxe4 Bxh3 26. Bxh3 Rd2 27. Qb3 Rfd8
28. Rad1 R8d3 29. Qxd3 Rxd3 30. Rxd3 Qe7 31. Rd7 Qf6 32. Rf1 Qg6 33. Rfxf7 Be3+
34. Kh2 Qh5 35. Rxg7+ Kf8 36. Rdf7+ Ke8 37. Re7+ Kd8 38. Rd7+ 1-0

[Event "VI Weekend B"]
[Site "Porto Sant'Elpidio ITA"]
[Date "2003.11.23"]
[Round "5"]
[White "Biagetti, Valerio"]
[Black "Di Cicco, Daniela"]
[Result "1-0"]
[WhiteElo "1668"]
[BlackElo "1338"]
[PlyCount "101"]
[EventDate "2003.11.15"]

1. e4 e6 2. d4 d5 3. Nd2 dxe4 4. Nxe4 Nd7 5. Nf3 Ngf6 6. Nxf6+ Nxf6 7. Bd3 Be7
8. O-O O-O 9. Re1 b6 10. Qe2 Bb7 11. c3 h6 12. Ne5 Nd7 13. Nxf7 Qe8 14. Bg6
Rxf7 15. Qxe6 Kf8 16. Bxf7 Qxf7 17. Qxd7 Bd6 18. Qxf7+ Kxf7 19. Bd2 g5 20. c4
Rf8 21. d5 c5 22. Re6 Bf4 23. Bxf4 gxf4 24. Rae1 Bc8 25. Re7+ Kg6 26. f3 a6 27.
Re8 Rxe8 28. Rxe8 Bf5 29. d6 Kf7 30. Re7+ Kf6 31. Rb7 b5 32. cxb5 axb5 33. Rxb5
Ke6 34. Rxc5 Bg6 35. Ra5 Be8 36. Ra6 Bb5 37. Rb6 Bd7 38. h4 h5 39. b3 Kd5 40.
a4 Kc5 41. a5 Bc8 42. Kf2 Kd5 43. Ke2 Kd4 44. Kd2 Ke5 45. Kc3 Kd5 46. b4 Bd7
47. a6 Bc6 48. Rxc6 Kxc6 49. a7 Kb7 50. d7 Kxa7 51. d8=Q 1-0

[Event "VI Weekend B"]
[Site "Porto Sant'Elpidio ITA"]
[Date "2003.11.23"]
[Round "5"]
[White "Bonoli, Luciano"]
[Black "Olivieri, Gianni"]
[Result "1-0"]
[WhiteElo "1657"]
[BlackElo "1600"]
[PlyCount "65"]
[EventDate "2003.11.15"]

1. c4 c5 2. Nc3 b6 3. Nf3 Bb7 4. d4 d6 5. d5 g6 6. Bg5 Bg7 7. Qd2 Nf6 8. Bh6
O-O 9. Bxg7 Kxg7 10. g3 Nbd7 11. Bg2 h6 12. h4 Rh8 13. O-O Rb8 14. e4 e6 15.
Bh3 Qe7 16. Rfe1 e5 17. Nb5 a6 18. Nc3 Ba8 19. a4 Bb7 20. Rab1 Bc8 21. b4 a5
22. bxa5 bxa5 23. Rxb8 Nxb8 24. Bxc8 Rxc8 25. Nb5 Na6 26. Qxa5 Nb4 27. Qb6 Qd8
28. Qxd6 Nd3 29. Qxd8 Rxd8 30. Re3 Ra8 31. Rxd3 Rxa4 32. Nxe5 Nxe4 33. Nc3 1-0

[Event "VI Weekend B"]
[Site "Porto Sant'Elpidio ITA"]
[Date "2003.11.23"]
[Round "5"]
[White "Carletti, Adriano"]
[Black "Baleani, Emanuele"]
[Result "1-0"]
[WhiteElo "1500"]
[BlackElo "1551"]
[PlyCount "97"]
[EventDate "2003.11.15"]

1. d4 Nf6 2. Nf3 e6 3. Bf4 d5 4. e3 Nbd7 5. Nbd2 c5 6. c3 a6 7. Bd3 b5 8. a3
Bb7 9. O-O Be7 10. Ne5 O-O 11. Nxd7 Qxd7 12. Bg5 cxd4 13. exd4 Rac8 14. Re1 h6
15. Bh4 Nh7 16. Bxe7 Qxe7 17. Bxh7+ Kxh7 18. f4 Qd6 19. g3 Rce8 20. Re3 Re7 21.
Qe2 Rfe8 22. Re1 f6 23. Nb3 Bc8 24. Nc5 e5 25. Qc2+ Kg8 26. Qg6 e4 27. f5 Qc7
28. Rf1 Kh8 29. Kg2 Qd8 30. h4 Rf8 31. Nb3 Qe8 32. Qg4 g6 33. Qxg6 Qxg6 34.
fxg6 Kg7 35. h5 Bg4 36. Rf4 Bxh5 37. Nc5 Bf3+ 38. Kf2 Rfe8 39. Nxa6 Kxg6 40.
Nb4 Bd1 41. Nxd5 Rf7 42. Rfxe4 Rxe4 43. Rxe4 Bb3 44. Nf4+ Kf5 45. Re8 h5 46.
Rh8 Kg4 47. Rxh5 Re7 48. Rxb5 Bc4 49. Rc5 1-0

[Event "VI Weekend B"]
[Site "Porto Sant'Elpidio ITA"]
[Date "2003.11.23"]
[Round "5"]
[White "Fratini, Mauro"]
[Black "Ragnini, Damiano"]
[Result "1-0"]
[WhiteElo "1630"]
[BlackElo "1483"]
[PlyCount "61"]
[EventDate "2003.11.15"]

1. d4 Nf6 2. Bf4 d6 3. e3 g6 4. h3 Bg7 5. Nf3 O-O 6. Be2 Nbd7 7. O-O c6 8. c3
b5 9. Nbd2 Nd5 10. Bg3 N7f6 11. e4 Nc7 12. e5 Nfe8 13. exd6 Nxd6 14. Ne5 Bxe5
15. Bxe5 Bf5 16. Bf3 Qd7 17. Re1 f6 18. Bf4 Rae8 19. Nb3 Nb7 20. a4 a6 21. axb5
axb5 22. Bh6 Rf7 23. Ra7 Rb8 24. Bf4 g5 25. Bg3 e6 26. Nc5 Qc8 27. Bxc7 Rxc7
28. Na6 Ra8 29. Rxa8 Qxa8 30. Nxc7 Qa2 31. Qa1 1-0

[Event "VI Weekend B"]
[Site "Porto Sant'Elpidio ITA"]
[Date "2003.11.23"]
[Round "5"]
[White "Iori, Massimiliano"]
[Black "Perogio, Lorenzo"]
[Result "1-0"]
[WhiteElo "1641"]
[BlackElo "1666"]
[PlyCount "65"]
[EventDate "2003.11.15"]

1. d4 Nf6 2. Nf3 e6 3. Bg5 d5 4. e3 c6 5. c4 Be7 6. Bd3 Ne4 7. Bxe7 Qxe7 8. O-O
O-O 9. Nbd2 f5 10. Ne5 Qb4 11. Nb3 Nd7 12. Nxd7 Bxd7 13. Bxe4 fxe4 14. Nc5 Bc8
15. Qb3 Qxc4 16. Qxc4 dxc4 17. Nxe4 b6 18. f4 Bb7 19. Rfc1 Ba6 20. Nd2 b5 21.
Ne4 Bb7 22. Nc5 Bc8 23. b3 cxb3 24. axb3 Rd8 25. b4 Kf7 26. Nd3 Bb7 27. Ne5+
Kf6 28. Nxc6 Bxc6 29. Rxc6 Kf5 30. Raa6 Rdc8 31. Rxe6 Rc1+ 32. Kf2 Rac8 33. Kg3
1-0

[Event "VI Weekend B"]
[Site "Porto Sant'Elpidio ITA"]
[Date "2003.11.23"]
[Round "5"]
[White "Marinucci, Johnny"]
[Black "Giobbi, Costantino"]
[Result "0-1"]
[WhiteElo "1588"]
[BlackElo "1782"]
[PlyCount "30"]
[EventDate "2003.11.15"]

1. d4 d5 2. Bf4 c6 3. e3 Bf5 4. c4 e6 5. c5 Nf6 6. Qb3 b6 7. cxb6 axb6 8. Nf3
Be7 9. Ne5 O-O 10. Nd2 c5 11. Ndf3 c4 12. Qd1 Bb4+ 13. Ke2 Ne4 14. g4 c3 15.
Qb3 cxb2 0-1

[Event "VI Weekend B"]
[Site "Porto Sant'Elpidio ITA"]
[Date "2003.11.23"]
[Round "5"]
[White "Morici, Marco"]
[Black "Giri, Giovanni"]
[Result "1-0"]
[WhiteElo "1606"]
[BlackElo "1515"]
[PlyCount "103"]
[EventDate "2003.11.15"]

1. c4 Nf6 2. Nc3 g6 3. d4 Bg7 4. e4 d6 5. Be2 O-O 6. Nf3 e5 7. Be3 Nc6 8. d5
Ne7 9. O-O Nd7 10. Ne1 f5 11. f3 f4 12. Bf2 g5 13. g4 fxg3 14. hxg3 Nf6 15. Kg2
Ng6 16. c5 Rf7 17. cxd6 cxd6 18. Rc1 a6 19. Na4 Bd7 20. Nb6 Rb8 21. a4 Nh5 22.
Nd3 Qf6 23. Nxd7 Rxd7 24. f4 Nhxf4+ 25. gxf4 gxf4 26. Rh1 Rf7 27. Bg4 Qg5 28.
Kf3 Kf8 29. Rxh7 Bh6 30. Rxf7+ Kxf7 31. Rc7+ Kf8 32. Qh1 Kg8 33. Qh5 Qxh5 34.
Bxh5 Nf8 35. Bh4 Nh7 36. Bf7+ Kf8 37. Be6 Ng5+ 38. Bxg5 Bxg5 39. Rc8+ Rxc8 40.
Bxc8 b5 41. axb5 axb5 42. b4 Ke7 43. Ba6 Kd8 44. Bxb5 Kc7 45. Bc6 Kb6 46. Nb2
Bh4 47. Nc4+ Kc7 48. b5 Be7 49. b6+ Kb8 50. Na3 Bd8 51. b7 Bc7 52. Nb5 1-0

[Event "VI Weekend B"]
[Site "Porto Sant'Elpidio ITA"]
[Date "2003.11.23"]
[Round "5"]
[White "Padovani, Alessio"]
[Black "Voicu, Joan Paul"]
[Result "1-0"]
[WhiteElo "1722"]
[BlackElo "1677"]
[PlyCount "93"]
[EventDate "2003.11.15"]

1. c4 c5 2. g3 g6 3. Bg2 Bg7 4. Nc3 Nc6 5. Rb1 e6 6. d3 Nge7 7. Ne4 d5 8. Nc3
O-O 9. Nf3 b6 10. O-O d4 11. Ne4 f5 12. Neg5 h6 13. Nh3 g5 14. Nfxg5 hxg5 15.
Bxg5 Bd7 16. e3 Qe8 17. Nf4 Rc8 18. e4 Ne5 19. Re1 Qf7 20. Bxe7 Qxe7 21. exf5
Rxf5 22. Be4 Rcf8 23. Bxf5 Rxf5 24. Rxe5 Bxe5 25. Ng6 Qg5 26. Nxe5 Rxe5 27. f4
Qh6 28. fxe5 Qe3+ 29. Kf1 Bc6 30. Qe2 Bg2+ 31. Qxg2 Qxd3+ 32. Qe2 Qxb1+ 33. Kf2
Qf5+ 34. Kg2 d3 35. Qe3 Kg7 36. h3 d2 37. Qxd2 Qxe5 38. Qc3 Qd4 39. Qxd4+ cxd4
40. b4 e5 41. Kf3 d3 42. Ke3 e4 43. g4 Kf6 44. h4 Ke6 45. h5 Kf6 46. h6 Kg6 47.
g5 1-0

[Event "VI Weekend B"]
[Site "Porto Sant'Elpidio ITA"]
[Date "2003.11.23"]
[Round "5"]
[White "Rastelli, Davide"]
[Black "Trancanelli, Claudio"]
[Result "1-0"]
[WhiteElo "1797"]
[BlackElo "1614"]
[PlyCount "73"]
[EventDate "2003.11.15"]

1. d4 Nf6 2. c4 c5 3. Nf3 cxd4 4. Nxd4 g6 5. Nc3 Bg7 6. e4 d6 7. f3 O-O 8. Be3
Nc6 9. Be2 Bd7 10. Qd2 Rc8 11. O-O Ne5 12. b3 a6 13. h3 Nc6 14. Rad1 Nh5 15.
Kh2 Qa5 16. f4 Nxd4 17. Bxd4 Bc6 18. Nd5 Bxd5 19. Qxa5 Bxe4 20. Bxh5 gxh5 21.
Qg5 f6 22. Qxh5 Bg6 23. Qf3 e5 24. f5 Be8 25. Be3 Bc6 26. Qg4 Kh8 27. Rxd6 Rg8
28. Qh4 Rcf8 29. Rfd1 Bh6 30. Rxc6 Bg5 31. Bxg5 fxg5 32. Qe4 bxc6 33. Qxe5+ Rg7
34. Rd7 Rfg8 35. Rxg7 Rxg7 36. f6 Rf7 37. Qe8+ 1-0

[Event "VI Weekend B"]
[Site "Porto Sant'Elpidio ITA"]
[Date "2003.11.23"]
[Round "6"]
[White "Baldelli, Alex"]
[Black "Fratini, Mauro"]
[Result "0-1"]
[WhiteElo "1552"]
[BlackElo "1630"]
[PlyCount "32"]
[EventDate "2003.11.15"]

1. d4 d5 2. Nf3 Nf6 3. Bg5 c6 4. e3 Bf5 5. Bd3 Bg4 6. O-O Nbd7 7. Nbd2 e5 8.
dxe5 Nxe5 9. Be2 Nxf3+ 10. Bxf3 Bxf3 11. Qxf3 Be7 12. c4 O-O 13. Rfd1 Re8 14.
Rac1 Qa5 15. a3 dxc4 16. Nxc4 Qxg5 0-1

[Event "VI Weekend B"]
[Site "Porto Sant'Elpidio ITA"]
[Date "2003.11.23"]
[Round "6"]
[White "Baleani, Emanuele"]
[Black "Cerusico, Carlo"]
[Result "1-0"]
[WhiteElo "1551"]
[BlackElo "1429"]
[PlyCount "45"]
[EventDate "2003.11.15"]

1. e4 e6 2. d4 d5 3. exd5 exd5 4. c4 h6 5. Nf3 Nf6 6. Nc3 c6 7. Qb3 Be7 8. Bd3
O-O 9. O-O Re8 10. Be3 Qc7 11. cxd5 Bd7 12. Rac1 a6 13. Rfe1 Ng4 14. Ne4 Nxe3
15. fxe3 Bd6 16. Nxd6 Qxd6 17. Qxb7 cxd5 18. Qxa8 Bc6 19. Qa7 Re7 20. Qc5 Qd7
21. Ne5 Qe8 22. Nxc6 Rxe3 23. Ne7+ 1-0

[Event "VI Weekend B"]
[Site "Porto Sant'Elpidio ITA"]
[Date "2003.11.23"]
[Round "6"]
[White "Carletti, Adriano"]
[Black "Biagetti, Valerio"]
[Result "0-1"]
[WhiteElo "1500"]
[BlackElo "1668"]
[PlyCount "68"]
[EventDate "2003.11.15"]

1. d4 Nf6 2. Nf3 d5 3. Bf4 c6 4. Nbd2 Nbd7 5. e3 g6 6. h3 Bg7 7. Bd3 O-O 8. c3
Re8 9. Ne5 Nh5 10. Bh2 f6 11. Nxd7 Bxd7 12. g4 e5 13. gxh5 exd4 14. cxd4 f5 15.
Nf3 c5 16. Be5 cxd4 17. Bxd4 Bxd4 18. Nxd4 Qh4 19. Qf3 Qxd4 20. O-O-O Rac8+ 21.
Kb1 Qe5 22. hxg6 hxg6 23. Rhg1 Kf7 24. Rg3 Re6 25. Rdg1 Rb6 26. Qe2 Rc3 27.
Rxg6 Rxg6 28. Rxg6 Rxd3 29. Qh5 Rd1+ 30. Kc2 Qe4+ 31. Kxd1 Qb1+ 32. Kd2 Qxb2+
33. Kd1 Ba4+ 34. Ke1 Qc1+ 0-1

[Event "VI Weekend B"]
[Site "Porto Sant'Elpidio ITA"]
[Date "2003.11.23"]
[Round "6"]
[White "Di Cicco, Daniela"]
[Black "Giri, Giovanni"]
[Result "0-1"]
[WhiteElo "1338"]
[BlackElo "1515"]
[PlyCount "142"]
[EventDate "2003.11.15"]

1. d4 Nf6 2. Nf3 g6 3. e3 Bg7 4. Bd3 O-O 5. O-O d6 6. Nbd2 Nbd7 7. e4 e5 8. c3
Bh6 9. Re1 Re8 10. Nf1 Bxc1 11. Qxc1 Kg7 12. h3 Nh5 13. Kh2 Nf4 14. Bc2 Nf6 15.
Ng3 N6h5 16. Nxh5+ Nxh5 17. Rh1 Nf4 18. Ng1 Qf6 19. g3 Ne2 20. Qe3 Nxg1 21.
Raxg1 Qe6 22. g4 Bd7 23. Bb3 Qf6 24. g5 Qf4+ 25. Qxf4 exf4 26. f3 c6 27. Kg2 f5
28. Bc2 fxe4 29. Bxe4 d5 30. Bd3 Re3 31. Rd1 Rae8 32. Kf2 Bf5 33. Bf1 Bc2 34.
Rc1 Bd3 35. Bxd3 Rxd3 36. Rc2 Ree3 37. Kg2 Rxf3 38. h4 h6 39. Kg1 Rg3+ 40. Rg2
Rxg2+ 41. Kxg2 hxg5 42. hxg5 Rg3+ 43. Kf2 Rxg5 44. Kf3 Rf5 45. Re1 Kf7 46. Rh1
Kg7 47. Re1 Rf7 48. Rf1 g5 49. Kg4 Kg6 50. Rf3 Re7 51. Rf2 Re3 52. Rg2 b5 53.
a3 a5 54. Rg1 Re2 55. Rb1 Rg2+ 56. Kf3 Rg3+ 57. Ke2 g4 58. Rf1 Kf5 59. Rf2 Ke4
60. Kd2 Rd3+ 61. Kc2 Ke3 62. Rg2 g3 63. Kb3 Rd2 64. Rg1 g2 65. Re1+ Re2 66. Rg1
Kf2 67. Rc1 g1=Q 68. Rxg1 Kxg1 69. a4 bxa4+ 70. Kxa4 Rxb2 71. Kxa5 f3 0-1